| 000 | 00561nam a2200229Ia 4500 | ||
|---|---|---|---|
| 008 | 160901s9999 xx 000 0 und d | ||
| 020 | _a0-7897-2044-2 | ||
| 050 | _aComSc T 385 | ||
| 050 | _b.L46 2000 | ||
| 100 | _aLennox, Michael. | ||
| 245 | _aShort order Adobe Photoshop 5.5 / | ||
| 245 | _cMichael Lennox. | ||
| 260 | _aUSA : | ||
| 260 | _bHayden Books. | ||
| 260 | _c2000 | ||
| 300 | _a355 pages : | ||
| 300 | _bcol. ill. ; | ||
| 300 | _c23 cm. | ||
| 500 | _aIncludes index. | ||
| 650 | _aAdobe Photoshop. | ||
| 650 | _xComputer graphics. | ||
| 999 |
_c300957 _d300957 |
||